| 000 | 00685nam a2200169 i 4500 | ||
|---|---|---|---|
| 001 | 56457 | ||
| 003 | ES-MaACL | ||
| 005 | 20230906163356.0 | ||
| 007 | t| | ||
| 008 | 031009s1925 sp ||||1| spa d | ||
| 245 | 0 | 0 |
_aDictamen persentado en la información pública sobre el anteproyecto de ferrocarriles / _credactado por la Dirección de Planes y Proyectos del Consejo Superior Ferroviario. |
| 260 |
_aBurgos : _b[s.n., _c1925] ( _fImp. Rafael J. de Aldecoa) |
||
| 300 |
_a80 p. ; _c20 cm. |
||
| 500 | _aPrecede al tít.: Comisión Burgalesa de Iniciativas Ferroviarias. | ||
| 710 | 2 |
_aComisión Burgalesa de Iniciativas Ferroviarias. _93008 |
|
| 852 |
_aES-MaACL _j1686-F-3 _bR.5051 |
||
| 999 |
_c56457 _d56457 |
||